Norma Chilena Oficial NCh 2348 Of1998
Saved in:
| Corporate Authors: | , |
|---|---|
| Format: | Bog |
| Sprog: | spansk |
| Udgivet: |
Santiago
Instituto Nacional de Normalización
1998
|
| Udgivelse: | 1a. ed |
| Fag: | |
| Tags: |
Tilføj Tag
Ingen Tags, Vær først til at tagge denne postø!
|
MARC
| LEADER | 00000nam a2200000 a 4500 | ||
|---|---|---|---|
| 001 | UCK5836 | ||
| 003 | CL-VaPUC | ||
| 008 | 050826e19980000CL |||||||||||||||||spa|d | ||
| 082 | 0 | 4 | |a 620.196 |b INS |2 21 |
| 110 | 2 | |a Instituto Nacional de Normalización |e author |9 494818 | |
| 710 | 2 | |a INN |e author |9 494819 | |
| 245 | 1 | 0 | |a Norma Chilena Oficial NCh 2348 Of1998 |
| 246 | 1 | 0 | |a Emulsiones asfálticas - Métodos de ensayo |
| 250 | |a 1a. ed | ||
| 300 | |a 26 p | ||
| 942 | |c BK | ||
| 945 | |d 20050826 00:00:00 |a cmena | ||
| 260 | |a Santiago |b Instituto Nacional de Normalización |c 1998 | ||
| 650 | 7 | |a MATERIALES BITUMINOSOS |2 CL-VaPUC |9 494820 | |
| 650 | 7 | |a ENSAYOS DE LABORATORIO |2 CL-VaPUC |9 262663 | |
| 650 | 0 | |a Control de calidad |9 259714 | |
| 650 | 0 | |a Normalización |9 262666 | |
| 583 | |a last modification |c 20050826 00:00:00 |k Rodrigo Vera | ||
| 999 | |c 314288 |d 314286 | ||